| 000 | 00755nam a2200241Ia 4500 | ||
|---|---|---|---|
| 003 | OSt | ||
| 005 | 20220923225433.0 | ||
| 006 | a|||||r|||| 00| 0 | ||
| 007 | ta | ||
| 008 | 220922b |||||||| |||| 00| 0 hin d | ||
| 024 | _a268,120 | ||
| 037 | _cTextual | ||
| 040 |
_aARTS _cARTS _bhin |
||
| 041 |
_2hin _ahin |
||
| 082 | _a2:7, N1 | ||
| 100 | _aशर्मा, अजय कुमार | ||
| 245 | 0 | _aपुस्तकालय संदर्भ सेवा | |
| 246 | _aPustakālaya sandarbha sevā | ||
| 260 | _c1991 | ||
| 650 |
_aपुस्तकालय-सूचना प्रौद्योगिकी _9158639 |
||
| 942 |
_h2:7, N1 _cTEXL _2CC |
||
| 999 |
_c378309 _d378309 |
||